Spatial structures

Αποθηκεύτηκε σε:
Λεπτομέρειες βιβλιογραφικής εγγραφής
Κύριος συγγραφέας: Beckmann, Martin J.
Άλλοι συγγραφείς: Puu, Tonu 1936-
Μορφή: Βιβλίο
Γλώσσα:English
Δημοσίευση: Berlin : Springer-Verlag, c1990
Σειρά:Advances in spatial and network economics
Θέματα:
Ετικέτες: Προσθήκη ετικέτας
Δεν υπάρχουν, Καταχωρήστε ετικέτα πρώτοι!

MARC

LEADER 00000cam a2200000 i 4500
001 1/104303
008 950530s1990 eng d
020 |a 3-540-51957-2 
035 |l 10013209 
040 |a GR-MY-UA  |b gre  |e aacr 
041 0 |a eng 
082 0 |a 330.9 
100 1 |a Beckmann, Martin J. 
245 1 0 |a Spatial structures /  |c Martin J. Beckmann, Tonu Puu 
260 |a Berlin :   |b Springer-Verlag,   |c c1990 
300 |a 139 p.;  |b ill.;  |c 25 cm 
490 1 |a Advances in spatial and network economics 
504 |a Includes bibliographical references and indexes 
650 0 0 |a Space in economics. 
700 1 |a Puu, Tonu  |d 1936- 
830 0 |a Advances in spatial and network economics 
852 |a INST  |b LESVOS  |e 19950530  |h 330.9 BEC  |p 005100000382  |q 005100000382  |t BK  |y 0 
909 |a Λ  |b 023985